Villes de France en U (difficile) - Statistiques

Statistiques générales
  • Ce quiz a été pris 36 fois
    18 depuis la dernière actualisation
  • Le résultat moyen est 7 sur 14
Statistiques - réponses
Hint Réponse % Correct
Il n'est pas à douter que les habitants de cette commune du Vexin respectent les coutumes et les... Us
100%
Ce petit village catalan d'altitude, à la frontière espagnole, porte le nom d'une ancienne et mythique cité sumérienne Ur
87%
Principale cité de Haute-Corrèze, nichée sur le plateau de Millevaches. Ussel
87%
Cette cité du Gard était jadis qualifiée de « premier duché de France » Uzès
87%
Ville nouvelle bétonnée de l'Essonne où Thierry Henry a appris à jouer au football (Les ___) Les Ulis
80%
Seule ville de la côte basque dont le magnifique littoral est resté sauvage Urrugne
73%
Nom paradoxal quand on sait que l'équipe de rugby de la grande ville dont elle est la banlieue s'appelle plutôt le Stade (L'___) L'Union
47%
Autre cité de Corrèze, perle du Limousin, perchée sur un rocher au-dessus de la Vézère Uzerche
40%
Cette cité ouvrière de Savoie, au pied du mont Charvin est réputée mondialement pour ses aciers et inox. Ugine
33%
Autre ville basque, sur la Nive, dans les terres. Ustaritz
33%
Petite banlieue de Brive-la-Gaillarde Ussac
27%
Ville de métallurgie sur la Loire, au bout du bassin minier de Saint-Etienne Unieux
20%
Un célèbre navigateur français, le premier à poser le pied en Antarctique, descend des seigneurs de ce village du Calvados Urville
20%
Petite ville de la périphérie paloise sur le gave de Pau Uzos
13%
Aucun quiz correspondant
Distribution des résultats
% des personnes avec chaque résultat
Percentile par nombre de réponses
Votre historique - résultats
Vous n’avez pas pris ce quiz depuis la dernière actualisation